000 01016nam a2200253 c 4500
001 000000386
003 RuMoIPM
005 20260316114112.0
008 950829s1995 ru a||p|||||||||||||rus d
020 _a5-02-015171-8
035 _a(RuMoIPM Bibliobus) 000386
040 _aRuMoIPM
_brus
_ercr
041 _arus
044 _aru
080 _a510(035)
100 1 _aВыгодский, Марк Яковлевич
245 0 0 _aСправочник по высшей математике
_cМ. Я. Выгодский
250 _a13-е изд., стер.
260 _aМосква
_bФизматлит
_c1995
300 _a871 с.
_bил.
504 _aАлф. указ. : с. 852-870
887 _aВыгодский Марк Яковлевич. Справочник по высшей математике. — 13-е изд., стер. — М. : Изд. фирма "Физ.-мат. лит.", 1995. — 871 с. : ил. — Алф. указ. : с. 852-870. — ISBN 5-02-015171-8.
_2Bibliobus
942 _cBK
999 _c386
_d386